[Event "Landesliga Nord 1920"]
[Site "Bayern"]
[Date "2019.12.08"]
[Round "4.4"]
[White "Wichmann, Adrian"]
[Black "Krauss, Josef"]
[Result "0-1"]
[WhiteElo "2063"]
[BlackElo "2091"]
[PlyCount "86"]
[EventDate "2019.09.29"]
[EventType "team-tourn"]
[EventRounds "9"]
[EventCountry "GER"]
[SourceTitle "EXT 2021"]
[Source "ChessBase"]
[SourceDate "2020.10.23"]
[SourceVersion "1"]
[SourceVersionDate "2020.10.23"]
[SourceQuality "1"]
[WhiteTeam "Forchheim"]
[BlackTeam "Schweinfurt"]
[WhiteTeamCountry "GER"]
[BlackTeamCountry "GER"]

1. e4 d6 2. d4 Nf6 3. Nc3 e5 4. Nf3 Nbd7 5. Bc4 Be7 6. h3 0-0 7. Be3 c6 8. dxe5 Nxe5 9. Nxe5 dxe5 10. Qf3 b5 11. Bd3 Qc7 12. g4 Nd7 13. h4 Nc5 14. g5 Ne6 15. Ne2 Rb8 16. Ng3 Nd4 17. Bxd4 exd4 18. 0-0 Qe5 19. Qh5 g6 20. f4 Qe6 21. f5 Qe5 22. Qf3 Bd6 23. Kg2 c5 24. Rh1 c4 25. Bf1 Bb7 26. Re1 f6 27. h5 Qxg3+ 28. Qxg3 Bxg3 29. Kxg3 gxf5 30. gxf6 Kf7 31. Bg2 Rg8+ 32. Kf2 Rxg2+ 33. Kxg2 Bxe4+ 34. Kf2 Bxh1 35. Rxh1 Kxf6 36. Rg1 Re8 37. h6 d3 38. cxd3 cxd3 39. Rg7 Re7 40. Rg3 Re2+ 41. Kf1 Rxb2 42. Rg7 Rxa2 43. Rxh7 Ra1+ 0-1

[Event "Landesliga Nord 1920"]
[Site "Bayern"]
[Date "2019.11.10"]
[Round "2.3"]
[White "Krauss, Josef"]
[Black "Speckner, Roland"]
[Result "1/2-1/2"]
[WhiteElo "2091"]
[BlackElo "2277"]
[PlyCount "44"]
[EventDate "2019.09.29"]
[EventType "team-tourn"]
[EventRounds "9"]
[EventCountry "GER"]
[SourceTitle "EXT 2021"]
[Source "ChessBase"]
[SourceDate "2020.10.23"]
[SourceVersion "1"]
[SourceVersionDate "2020.10.23"]
[SourceQuality "1"]
[WhiteTeam "Schweinfurt"]
[BlackTeam "Kareth Lappersdorf"]
[WhiteTeamCountry "GER"]
[BlackTeamCountry "GER"]

1. e4 g6 2. d4 Bg7 3. c3 d6 4. Nf3 Nc6 5. Bd3 e5 6. dxe5 dxe5 7. 0-0 Nf6 8. Qc2 Nh5 9. g3 Bg4 10. Be2 Qf6 11. Kg2 h6 12. Rd1 0-0 13. h3 Be6 14. Nbd2 Qe7 15. b3 f5 16. Bc4 Nd8 17. Qd3 Nf7 18. Bxe6 Qxe6 19. Ba3 Rfe8 20. Qc4 Qf6 21. Qxc7 Qa6 22. Bb4 Nf6 1/2-1/2

[Event "Landesliga Nord 1819"]
[Site "Bayern"]
[Date "2019.03.24"]
[Round "8.4"]
[White "Kreuzer, Helmut"]
[Black "Krauss, Josef"]
[Result "0-1"]
[WhiteElo "2084"]
[BlackElo "2066"]
[PlyCount "60"]
[EventDate "2018.10.21"]
[EventType "team-tourn"]
[EventRounds "9"]
[EventCountry "GER"]
[SourceTitle "EXT 2022"]
[Source "ChessBase"]
[SourceDate "2021.10.06"]
[SourceVersion "1"]
[SourceVersionDate "2021.10.06"]
[SourceQuality "1"]
[WhiteTeam "Kelheim SK"]
[BlackTeam "Schweinfurt"]
[WhiteTeamCountry "GER"]
[BlackTeamCountry "GER"]

1. d4 d5 2. c4 c6 3. Nf3 Nf6 4. Qc2 dxc4 5. Qxc4 Bf5 6. g3 e6 7. Bg2 Nbd7 8. 0-0 Be7 9. Nc3 Ne4 10. Rd1 Nxc3 11. bxc3 Bc2 12. Bg5 Bxg5 13. Re1 Nb6 14. Qb4 Be7 15. Qb2 Be4 16. Bf1 Bxf3 17. exf3 0-0 18. a4 Rb8 19. f4 g6 20. h4 h5 21. Qc2 Bf6 22. Bh3 Bg7 23. Rad1 Qf6 24. Re5 Rbd8 25. Rde1 Nc4 26. Rxe6 fxe6 27. Rxe6 Qf7 28. Rxg6 Rd6 29. f5 Rf6 30. Qe2 Nd6 0-1

[Event "Landesliga Nord 1819"]
[Site "Bayern"]
[Date "2018.11.25"]
[Round "3.5"]
[White "Kordts, Wolfgang"]
[Black "Krauss, Josef"]
[Result "0-1"]
[WhiteElo "2092"]
[BlackElo "2066"]
[PlyCount "150"]
[EventDate "2018.10.21"]
[EventType "team-tourn"]
[EventRounds "9"]
[EventCountry "GER"]
[SourceTitle "EXT 2022"]
[Source "ChessBase"]
[SourceDate "2021.10.06"]
[SourceVersion "1"]
[SourceVersionDate "2021.10.06"]
[SourceQuality "1"]
[WhiteTeam "Nuernberg Sued SW"]
[BlackTeam "Schweinfurt"]
[WhiteTeamCountry "GER"]
[BlackTeamCountry "GER"]

1. d4 d5 2. c4 c6 3. Nf3 Nf6 4. Qc2 dxc4 5. Qxc4 Bf5 6. g3 e6 7. Bg2 Be7 8. 0-0 Ne4 9. e3 Nd7 10. Rd1 0-0 11. Qe2 Qb6 12. Nc3 Rfd8 13. Ne1 Ndf6 14. f3 Nxc3 15. bxc3 Qa5 16. e4 Bg6 17. Rb1 Rd7 18. Rb3 Rad8 19. Be3 c5 20. Rdb1 b6 21. Bf1 Nxe4 22. fxe4 Bxe4 23. Rc1 c4 24. Qxc4 Qxa2 25. Rb5 Qa6 26. Qb3 Qb7 27. Bg2 h6 28. Bxe4 Qxe4 29. Ng2 Rc8 30. Qc2 Qc6 31. Qe2 a6 32. Rb3 b5 33. Nf4 Bg5 34. Nd3 Qc4 35. Rb4 Bxe3+ 36. Qxe3 Qa2 37. Nc5 Rd6 38. Rbb1 Qd5 39. Ra1 Rcc6 40. Ra5 e5 41. Qe4 Rxc5 42. Qxe5 Qxe5 43. dxe5 Rxe5 44. c4 Rc5 45. Rca1 Rxc4 46. Rxa6 Rd2 47. R6a2 Rxa2 48. Rxa2 Rc8 49. Kf2 b4 50. Rb2 Rb8 51. Rb3 Kh7 52. Ke2 Ra8 53. Rxb4 Ra2+ 54. Kf3 Rxh2 55. Rb7 Kg6 56. Rb6+ f6 57. Rb7 h5 58. Rb4 Ra2 59. Rc4 Kg5 60. Rb4 f5 61. Rc4 g6 62. Rb4 Ra3+ 63. Kg2 Ra6 64. Kh3 Re6 65. Ra4 Re4 66. Ra5 h4 67. gxh4+ Rxh4+ 68. Kg3 Rb4 69. Ra6 Rb3+ 70. Kf2 Kh5 71. Rf6 Kg5 72. Ra6 f4 73. Rc6 Kf5 74. Ra6 g5 75. Ra5+ Kg4 0-1

[Event "Oberliga Bayern 1718"]
[Site "Bayern"]
[Date "2018.02.04"]
[Round "6.6"]
[White "Nuding, Matthias"]
[Black "Krauss, Josef"]
[Result "1/2-1/2"]
[WhiteElo "2085"]
[BlackElo "2126"]
[PlyCount "115"]
[EventDate "2017.10.22"]
[EventType "team-tourn"]
[EventRounds "9"]
[EventCountry "GER"]
[SourceTitle "EXT 2020"]
[Source "ChessBase"]
[SourceDate "2019.10.17"]
[SourceVersion "1"]
[SourceVersionDate "2019.10.17"]
[SourceQuality "1"]
[WhiteTeam "Nuernberg NT II"]
[BlackTeam "Schweinfurt"]
[WhiteTeamCountry "GER"]
[BlackTeamCountry "GER"]

1. c4 c6 2. e4 d5 3. exd5 cxd5 4. cxd5 Nf6 5. Bb5+ Nbd7 6. Nc3 a6 7. Qa4 g6 8. Nf3 Bg7 9. 0-0 0-0 10. Bxd7 Qxd7 11. Qxd7 Bxd7 12. Re1 Rfe8 13. d4 Rad8 14. Bg5 Bg4 15. Ne5 Bc8 16. Bxf6 exf6 17. Nc4 b5 18. Nd6 Rf8 19. Nxc8 Rxc8 20. Kf1 f5 21. Rad1 Rfd8 22. Rd3 b4 23. Na4 Rc2 24. Re2 Rc4 25. Red2 Rc7 26. Nb6 Rd6 27. Na4 Rxd5 28. Nc5 a5 29. Nb3 Bf8 30. Re2 a4 31. Nd2 Rc1+ 32. Re1 Rc2 33. Rb1 Bg7 34. Nf3 Bf6 35. Ne1 Rc4 36. b3 axb3 37. Rbxb3 Rcxd4 38. Rxd4 Rxd4 39. Nc2 Rd2 40. Nxb4 Bd4 41. Rf3 Rb2 42. a3 Bc5 43. Rf4 Kg7 44. g3 Rb3 45. Rc4 Ba7 46. a4 Rf3 47. Rc2 f4 48. Nc6 Bb6 49. a5 Bc7 50. Ra2 Rc3 51. Nd4 f3 52. Ke1 Rd3 53. Nb5 Bxa5+ 54. Rxa5 Rd5 55. h4 h5 56. Ra3 Re5+ 57. Kf1 Rxb5 58. Rxf3 1/2-1/2

[Event "Oberliga Bayern 1718"]
[Site "Bayern"]
[Date "2017.10.22"]
[Round "1.6"]
[White "Krauss, Josef"]
[Black "Leeb, Simon"]
[Result "0-1"]
[WhiteElo "2126"]
[BlackElo "2155"]
[PlyCount "40"]
[EventDate "2017.10.22"]
[EventType "team-tourn"]
[EventRounds "9"]
[EventCountry "GER"]
[SourceTitle "EXT 2020"]
[Source "ChessBase"]
[SourceDate "2019.10.17"]
[SourceVersion "1"]
[SourceVersionDate "2019.10.17"]
[SourceQuality "1"]
[WhiteTeam "Schweinfurt"]
[BlackTeam "Muenchen Suedost"]
[WhiteTeamCountry "GER"]
[BlackTeamCountry "GER"]

1. e4 c5 2. c3 Nc6 3. d4 cxd4 4. cxd4 d5 5. exd5 Qxd5 6. Nf3 Bg4 7. Nc3 Qh5 8. Be2 0-0-0 9. Bf4 g5 10. Nxg5 Nf6 11. Bxg4+ Nxg4 12. d5 Bh6 13. Qc1 Bxg5 14. Bxg5 Rhg8 15. dxc6 Rxg5 16. f3 Ne5 17. 0-0 Rdg8 18. cxb7+ Kxb7 19. g4 Rxg4+ 20. Kh1 Qxh2+ 0-1

[Event "Oberliga Bayern 1617"]
[Site "Bayern"]
[Date "2016.12.04"]
[Round "3.6"]
[White "Lindenberg, Georg"]
[Black "Krauss, Josef"]
[Result "1/2-1/2"]
[WhiteElo "2203"]
[BlackElo "2023"]
[PlyCount "67"]
[EventDate "2016.10.16"]
[EventType "team-tourn"]
[EventRounds "9"]
[EventCountry "GER"]
[SourceTitle "EXT 2019"]
[Source "ChessBase"]
[SourceDate "2018.10.10"]
[SourceVersion "1"]
[SourceVersionDate "2018.10.10"]
[SourceQuality "1"]
[WhiteTeam "Pang/Rosenheim"]
[BlackTeam "Schweinfurt"]
[WhiteTeamCountry "GER"]
[BlackTeamCountry "GER"]

1. c4 c6 2. Nf3 d5 3. e3 Nf6 4. b3 Bf5 5. Be2 h6 6. 0-0 e6 7. Bb2 Be7 8. Ne5 0-0 9. d4 Nbd7 10. Nxd7 Qxd7 11. Nc3 Ne4 12. Nxe4 Bxe4 13. Bd3 Bxd3 14. Qxd3 b5 15. e4 bxc4 16. bxc4 dxe4 17. Qxe4 Rab8 18. Bc3 Bb4 19. Rac1 Bxc3 20. Rxc3 Rfd8 21. Rd1 Rb4 22. a3 Rb6 23. g3 Qb7 24. Kg2 Rb3 25. Rdd3 Rxc3 26. Rxc3 Qb2 27. Rf3 Qb6 28. Qf4 Rd7 29. c5 Qb7 30. Qe4 Rd5 31. Rc3 Rd8 32. h4 Rb8 33. Qf4 Rd8 34. Rc4 1/2-1/2

[Event "Erfurt op 25th"]
[Site "Erfurt"]
[Date "2015.12.27"]
[Round "3"]
[White "Krauss, Josef"]
[Black "Schmitzer, Klaus"]
[Result "0-1"]
[WhiteElo "2095"]
[BlackElo "2285"]
[PlyCount "80"]
[EventDate "2015.12.26"]
[EventType "swiss"]
[EventRounds "8"]
[EventCountry "GER"]
[SourceTitle "EXT 2017"]
[Source "ChessBase"]
[SourceDate "2016.10.25"]
[SourceVersion "1"]
[SourceVersionDate "2016.10.25"]
[SourceQuality "1"]

1. e4 c6 2. d4 d5 3. exd5 cxd5 4. c4 Nf6 5. Nc3 g6 6. Qb3 Bg7 7. cxd5 0-0 8. Be2 b6 9. Bf3 Bb7 10. Nge2 Na6 11. Bg5 Qd7 12. a4 Nc7 13. Bxf6 Bxf6 14. a5 b5 15. a6 Nxa6 16. Qxb5 Qxb5 17. Nxb5 Nb4 18. 0-0 Bxd5 19. Bxd5 Nxd5 20. Nbc3 Rfd8 21. Ra5 Nb4 22. Rb5 Rab8 23. Rxb8 Rxb8 24. Rd1 e6 25. Rd2 Rd8 26. f4 Kf8 27. Kf2 Ke7 28. Ke3 Bg7 29. g3 a6 30. Ne4 Rd5 31. N2c3 Rxd4 32. Rxd4 Nc2+ 33. Kd3 Nxd4 34. Nc5 a5 35. Kc4 Nf3 36. h4 Bd4 37. Ne2 Bxb2 38. Kb5 Nd4+ 39. Nxd4 Bxd4 40. Ne4 f5 0-1

[Event "Arco op 36th"]
[Site "Arco"]
[Date "2014.10.10"]
[Round "7"]
[White "Krauss, Josef"]
[Black "Cardilli, Mariano"]
[Result "1/2-1/2"]
[WhiteElo "2158"]
[BlackElo "2097"]
[PlyCount "94"]
[EventDate "2014.10.04"]
[EventType "swiss"]
[EventRounds "9"]
[EventCountry "ITA"]
[SourceTitle "CBM 162 Extra"]
[Source "ChessBase"]
[SourceDate "2014.10.17"]
[SourceVersion "1"]
[SourceVersionDate "2014.10.17"]
[SourceQuality "1"]

1. e4 c6 2. d4 d5 3. exd5 cxd5 4. c4 Nf6 5. Nc3 Nc6 6. Nf3 Bg4 7. cxd5 Nxd5 8. Qb3 Bxf3 9. gxf3 e6 10. Qxb7 Nxd4 11. Bb5+ Nxb5 12. Qc6+ Ke7 13. Qxb5 Qd7 14. Nxd5+ Qxd5 15. Bg5+ f6 16. Qxd5 exd5 17. Be3 Ke6 18. 0-0-0 Bb4 19. a3 Rhc8+ 20. Kb1 Bc5 21. Rhe1 Bxe3 22. fxe3 Rc4 23. Rd3 Rac8 24. Red1 R8c5 25. R1d2 g5 26. b4 Rb5 27. Rb2 h5 28. Rdb3 h4 29. a4 Rb7 30. a5 Rb5 31. Ka2 g4 32. e4 dxe4 33. fxg4 Ke5 34. h3 Rd4 35. Ka3 Rd3 36. Rf2 Rxb3+ 37. Kxb3 Kd4 38. Rxf6 Re5 39. Kc2 Ke3 40. Rf5 Re7 41. g5 Rg7 42. Kd1 Rd7+ 43. Ke1 Rb7 44. b5 Rc7 45. Kd1 Rd7+ 46. Ke1 Rc7 47. Kd1 Rd7+ 1/2-1/2

[Event "Arco op 36th"]
[Site "Arco"]
[Date "2014.10.04"]
[Round "1"]
[White "Perman, Denis"]
[Black "Krauss, Josef"]
[Result "0-1"]
[WhiteElo "1835"]
[BlackElo "2158"]
[PlyCount "64"]
[EventDate "2014.10.04"]
[EventType "swiss"]
[EventRounds "9"]
[EventCountry "ITA"]
[SourceTitle "CBM 162 Extra"]
[Source "ChessBase"]
[SourceDate "2014.10.17"]
[SourceVersion "1"]
[SourceVersionDate "2014.10.17"]
[SourceQuality "1"]

1. e4 d6 2. d4 Nf6 3. Nc3 g6 4. f4 Bg7 5. Nf3 0-0 6. Be2 c5 7. 0-0 cxd4 8. Nxd4 Nc6 9. Nxc6 bxc6 10. Bf3 Qb6+ 11. Kh1 Ba6 12. Re1 Rfd8 13. Rb1 Rab8 14. Be3 Qc7 15. Ne2 Nd7 16. b3 c5 17. c4 Bb7 18. Qc2 Bc6 19. Rbd1 Qb7 20. Bc1 Nb6 21. Nc3 a5 22. Nd5 a4 23. Bd2 axb3 24. axb3 e6 25. Nc3 Na8 26. Rb1 Nc7 27. Be3 Na6 28. Red1 f5 29. Nb5 fxe4 30. Bg4 Qe7 31. Nc3 Nb4 32. Qd2 d5 0-1

[Event "Nuremberg Zabo op 16th"]
[Site "Nuremberg"]
[Date "2014.09.20"]
[Round "2"]
[White "Krauss, Josef"]
[Black "Laustsen, Karl Johann"]
[Result "1-0"]
[WhiteElo "2097"]
[BlackElo "1810"]
[PlyCount "55"]
[EventDate "2014.09.19"]
[EventType "swiss"]
[EventRounds "5"]
[EventCountry "GER"]
[SourceTitle "EXT 2018"]
[Source "ChessBase"]
[SourceDate "2017.10.13"]
[SourceVersion "1"]
[SourceVersionDate "2017.10.13"]
[SourceQuality "1"]

1. e4 c5 2. c3 d5 3. exd5 Qxd5 4. d4 Nf6 5. Nf3 Bg4 6. Nbd2 cxd4 7. Bc4 Qh5 8. Qb3 Bc8 9. cxd4 e6 10. Ne5 a6 11. Be2 Qh4 12. Ndf3 Qe4 13. Nxf7 Rg8 14. Be3 h6 15. N7e5 Nc6 16. Bd3 Qd5 17. Bg6+ Kd8 18. Qb6+ Ke7 19. 0-0 Nd7 20. Qc7 Qd6 21. Qxd6+ Kxd6 22. Bh7 Nf6 23. Bxg8 Nxg8 24. Nc4+ Kc7 25. Bf4+ Kd8 26. Nb6 Ra7 27. Rac1 Bb4 28. Bb8 1-0

[Event "Pyramiden Franken Cup"]
[Site "Fuerth"]
[Date "2014.09.07"]
[Round "6"]
[White "Krauss, Josef"]
[Black "Reis, Gerhard"]
[Result "0-1"]
[WhiteElo "2160"]
[BlackElo "2203"]
[PlyCount "130"]
[EventDate "2014.09.04"]
[EventType "swiss"]
[EventRounds "7"]
[EventCountry "GER"]
[SourceTitle "CBM 162 Extra"]
[Source "ChessBase"]
[SourceDate "2014.10.17"]
[SourceVersion "1"]
[SourceVersionDate "2014.10.17"]
[SourceQuality "1"]

1. e4 c5 2. c3 Nf6 3. e5 Nd5 4. Bc4 e6 5. Nf3 Nc6 6. 0-0 d6 7. d4 cxd4 8. cxd4 Nb6 9. Bb3 d5 10. a3 Be7 11. Qd3 Bd7 12. Nc3 Rc8 13. Bc2 Nc4 14. b3 Nxa3 15. Bxa3 Bxa3 16. Rxa3 Nb4 17. Qd2 Qc7 18. Ne4 dxe4 19. Bxe4 Qb6 20. Qg5 Kf8 21. Raa1 h6 22. Qd2 Ke7 23. h4 Rhd8 24. Rfd1 Bc6 25. Bxc6 Rxc6 26. Ra4 Nd5 27. Rda1 a6 28. Qd3 Rc3 29. Qh7 Qxb3 30. Qxg7 Rxf3 31. gxf3 Qxf3 32. R4a3 Qe4 33. Rg3 Qxd4 34. Re1 Qxh4 35. Rg4 Qh3 36. Rg3 Qh5 37. Rc1 Qf5 38. Re1 Rc8 39. Qxh6 Rc4 40. Rd1 Rf4 41. Rxd5 Qb1+ 42. Kg2 Qe4+ 43. Kf1 Qc4+ 44. Rdd3 Qc1+ 45. Kg2 Rxf2+ 46. Kxf2 Qxh6 47. Rge3 Qf4+ 48. Ke2 b5 49. Rc3 b4 50. Rc7+ Kf8 51. Rc8+ Kg7 52. Rb8 a5 53. Kd3 a4 54. Re4 Qf3+ 55. Re3 Qd5+ 56. Ke2 Qc4+ 57. Kf2 Qf4+ 58. Rf3 Qxe5 59. Rg3+ Kf6 60. Rf3+ Ke7 61. Rb7+ Kd6 62. Rfxf7 Qc5+ 63. Kf3 b3 64. Ke4 Qc4+ 65. Ke3 b2 0-1

[Event "Pyramiden Franken Cup"]
[Site "Fuerth"]
[Date "2014.09.06"]
[Round "5"]
[White "Seyb, Alexander"]
[Black "Krauss, Josef"]
[Result "1/2-1/2"]
[WhiteElo "2374"]
[BlackElo "2160"]
[PlyCount "50"]
[EventDate "2014.09.04"]
[EventType "swiss"]
[EventRounds "7"]
[EventCountry "GER"]
[SourceTitle "CBM 162 Extra"]
[Source "ChessBase"]
[SourceDate "2014.10.17"]
[SourceVersion "1"]
[SourceVersionDate "2014.10.17"]
[SourceQuality "1"]

1. e4 c6 2. d4 d5 3. e5 Bf5 4. Nf3 e6 5. Be2 Nd7 6. Nbd2 Bg6 7. 0-0 Nh6 8. Nb3 Nf5 9. a4 Be7 10. a5 0-0 11. a6 b6 12. Bf4 f6 13. exf6 gxf6 14. Re1 Bd6 15. Bxd6 Nxd6 16. Bd3 Qe8 17. Bxg6 hxg6 18. Qe2 Kf7 19. Nbd2 Qe7 20. c4 Rae8 21. Rac1 Nxc4 22. Nxc4 dxc4 23. Qxc4 Nb8 24. Re4 Qd6 25. Qe2 Qd5 1/2-1/2

[Event "Schweinfurt op 24th"]
[Site "Schweinfurt"]
[Date "2014.06.22"]
[Round "7"]
[White "Kilian, Markus"]
[Black "Krauss, Josef"]
[Result "1/2-1/2"]
[WhiteElo "2013"]
[BlackElo "2174"]
[PlyCount "109"]
[EventDate "2014.06.19"]
[EventType "swiss"]
[EventRounds "7"]
[EventCountry "GER"]
[SourceTitle "CBM 161 Extra"]
[Source "ChessBase"]
[SourceDate "2014.08.29"]
[SourceVersion "1"]
[SourceVersionDate "2014.08.29"]
[SourceQuality "1"]

1. d4 d5 2. c4 c6 3. Nf3 Nf6 4. Nc3 a6 5. c5 Nbd7 6. Bf4 Nh5 7. Bd2 g6 8. e3 Bg7 9. Be2 0-0 10. 0-0 Qc7 11. Ne1 e5 12. Bxh5 gxh5 13. Qxh5 exd4 14. exd4 Bxd4 15. Qg4+ Bg7 16. Bh6 Qe5 17. Nf3 Qf6 18. Bg5 Qe6 19. Qh4 f6 20. Bf4 Ne5 21. Rae1 Re8 22. Qg3 Qg4 23. Re3 Bd7 24. Rfe1 Qxg3 25. fxg3 Nxf3+ 26. gxf3 f5 27. Rxe8+ Rxe8 28. Rxe8+ Bxe8 29. Kf2 Bf7 30. a3 d4 31. Nd1 Bb3 32. Ke1 Bf8 33. Nf2 Bxc5 34. Nd3 Ba7 35. Bd6 b6 36. Nb4 Ba4 37. b3 a5 38. bxa4 axb4 39. axb4 Kf7 40. Kd2 Ke6 41. Bc7 Kd5 42. b5 cxb5 43. axb5 Kc4 44. g4 fxg4 45. fxg4 Kxb5 46. Kd3 Kc6 47. Be5 b5 48. Bxd4 Bxd4 49. Kxd4 Kd6 50. h3 b4 51. Kc4 Ke5 52. Kxb4 Kf4 53. Kc3 Kg3 54. Kd2 Kxh3 55. Ke1 1/2-1/2

[Event "Wunsiedel op 8th"]
[Site "Wunsiedel"]
[Date "2014.05.30"]
[Round "3"]
[White "Krauss, Josef"]
[Black "Hecht, Carsten"]
[Result "1/2-1/2"]
[WhiteElo "2174"]
[BlackElo "2121"]
[PlyCount "84"]
[EventDate "2014.05.29"]
[EventType "swiss"]
[EventRounds "7"]
[EventCountry "GER"]
[SourceTitle "CBM 160 Extra"]
[Source "ChessBase"]
[SourceDate "2014.07.01"]
[SourceVersion "1"]
[SourceVersionDate "2014.07.01"]
[SourceQuality "1"]

1. e4 c5 2. c3 d5 3. exd5 Qxd5 4. d4 Nf6 5. Nf3 e6 6. Na3 Qd8 7. Nc2 Nc6 8. Bd3 cxd4 9. Ncxd4 Nxd4 10. Nxd4 Be7 11. Qe2 0-0 12. 0-0 Qc7 13. Re1 b6 14. Bg5 Bb7 15. Bh4 Bd5 16. c4 Bb7 17. Bg3 Qc5 18. Rad1 Rad8 19. Nf5 exf5 20. Qxe7 Qxe7 21. Rxe7 Be4 22. Be2 Rxd1+ 23. Bxd1 Rd8 24. Bb3 Rd7 25. Rxd7 Nxd7 26. Bd1 f6 27. Bd6 Kf7 28. a4 Ke6 29. Ba3 Bd3 30. b3 a5 31. f4 Nc5 32. Kf2 Be4 33. g3 Nd3+ 34. Ke3 Nb4 35. Kd4 Bc2 36. Be2 Bxb3 37. Kc3 Bxa4 38. Bxb4 axb4+ 39. Kxb4 Bc6 40. c5 bxc5+ 41. Kxc5 Be8 42. Bc4+ Ke7 1/2-1/2